| 000 | 00396nam a2200157Ia 4500 | ||
|---|---|---|---|
| 008 | 221030s9999 xx 000 0 und d | ||
| 020 | _a8188057096 | ||
| 041 | _aEnglish | ||
| 082 |
_a105.23 _bVen |
||
| 100 | _aY. Venkataramani | ||
| 245 | 0 |
_aLinear Integrated Circuits & Applications _cby Y. Venkataramani |
|
| 260 |
_bISTE _aNew Delhi _c2001 |
||
| 300 | _a10.27 | ||
| 650 | _aECE | ||
| 942 | _cBK | ||
| 999 |
_c8336 _d8336 |
||